000 01667cam a22004094i 4500
003 PE-LiUPU
005 20250731173102.0
008 150623s r 000 0 d
035 _a(Sirsi) a24631
040 _aPE-LiUPU
_bspa
_cPE-LiUPU
_erda
082 0 4 _a252.067 3
_bR53
_221
100 1 _aRichards, H.M.S,
_eautor.
245 1 0 _aRevival sermons /
_cH. M. S. Richards.
264 1 _aWashington, D.C. :
_bReview and Herald,
_c1947.
300 _a464 páginas ;
_c20 cm.
336 _atext
_2rdacontent
337 _aunmediated
_2rdamedia
338 _avolume
_2rdacarrier
505 0 _aJesus, the world's greatest character character. -The last prayer in the Bible. -Christ's millennial reign. -Where Jesus is. -The man God Forgot. -The dove, the cross, and the right hand of God. -The man with forty names. -The march of the nations. -Jesus in Genesis. -The man who was born three times. -The prayer Jesus refused to pray. -The finished mystery. -that ordained man.. -the man who tried again.
526 _aSEG42
526 _aSEG41
526 _aSEG40
526 _aSEG39
526 _aP94
526 _aP87
526 _aP86
526 _aP85
526 _aP77
526 _aP76
526 _aP35
650 0 4 _aSermones (IASD).
942 _2ddc
_cBOOK
949 _a252.067 3 R53
_wDEWEY
_c1
_i48998
_lCCODEBUL1
_mBUL
_p00.00
_r0
_sY
_tBOOK
_u2015-06-24
_xTEOLOGIA
_PP35
_0COMPRA
_o.STAFF. Colección General
596 _a1
999 _a252.067 3 R53
_wDEWEY
_c28133
_i48998
_f2021-11-12
_g5
_lCCODEBUL1
_mBUL
_r0
_sY
_tBOOK
_u2015-6-24
_xTEOLOGIA
_PP35
_0COMPRA
_o.STAFF. Colección General
_d28133
980 _81
_gALBERTO SANCHEZ Responsable de Automatización